|
|
|
|
| LEADER |
00000nab a2200000 a 4500 |
| 001 |
vtls000213589 |
| 003 |
SK-MaSNL |
| 005 |
20260302203717.0 |
| 008 |
160215c1984 xo 0 slo |
| 015 |
|
|
|a SNBRA19rr/mm-uuuuu
|
| 035 |
|
|
|a CL0223703
|
| 040 |
|
|
|a SNKBUCL
|b slo
|c SNKBUCL
|e AACR2
|
| 041 |
0 |
|
|a slo
|
| 044 |
|
|
|a xo
|c SK
|
| 080 |
|
|
|a 930.1-051
|2 1981
|
| 080 |
|
|
|a 069.2
|2 1981
|
| 080 |
|
|
|a 929 Kokuľa, Andrej
|2 1981
|
| 100 |
1 |
|
|a Šulc, Viliam
|4 aut
|9 407721
|
| 245 |
1 |
0 |
|a PhDr. Andrej Kokuľa, CSc., navždy odišiel
|c Viliam Šulc
|
| 300 |
|
|
|b Obr. 1.
|
| 600 |
1 |
7 |
|a Kokuľa, Andrej,
|d 1932-1983
|2 snkbucl
|9 38711
|
| 655 |
|
7 |
|a články zo zborníkov
|2 snkbucl
|9 166140
|
| 773 |
0 |
|
|t Historica carpatica 15
|d Košice : Východoslovenské vyd., 1984
|g S. 333-334
|
| 850 |
|
|
|a Slovenská národná knižnica v Martine
|a MTA001
|
| 852 |
|
|
|a SNK
|b KIS3GCP
|
| 958 |
|
|
|a BX
|
| 958 |
|
|
|a RK
|
| 992 |
|
|
|a RZB
|
| 999 |
|
|
|c 1470310
|d 1472240
|